| 000 | 00452nam a2200193Ia 4500 | ||
|---|---|---|---|
| 005 | 20240823062128.0 | ||
| 008 | 240823s9999||||xx |||||||||||||| ||und|| | ||
| 041 | _aENGLISH | ||
| 082 | _A005.133 M9 | ||
| 100 | _aKononenko I | ||
| 245 | 0 | _aProlog Through Examples | |
| 250 | _a1st | ||
| 260 |
_c1989 _b"Galgotia,New Delhi" |
||
| 500 | _aYES | ||
| 650 |
_aProlog _bComputer Applications |
||
| 700 | _a Lavrag N | ||
| 942 | _cBK | ||
| 999 |
_c235154 _d235154 |
||